[Event "Reykjavik Open 2018"]
[Site "Reykjavik ISL"]
[Date "2018.03.14"]
[Round "9.19"]
[White "Mohota, Nisha"]
[Black "Friedel, Joshua"]
[Result "0-1"]
[WhiteTitle "IM"]
[BlackTitle "GM"]
[WhiteElo "2272"]
[BlackElo "2562"]
[WhiteFideId "5004330"]
[BlackFideId "2017199"]
[EventDate "2018.03.06"]

1. e4 c5 2. c3 Nf6 3. e5 Nd5 4. Nf3 e6 5. Bc4 d6 6. d4 cxd4 7. cxd4 Be7 8. O-O
O-O 9. Qe2 Nc6 10. Rd1 Bd7 11. exd6 Bxd6 12. Nc3 Nxc3 13. bxc3 Ne7 14. Ne5 Nd5
15. Bd2 Rc8 16. Qf3 Bxe5 17. Bxd5 Bxh2+ 18. Kxh2 exd5 19. Qxd5 Rc6 20. Rh1 Rg6
21. Kg1 Bc6 22. Qxd8 Rxg2+ 23. Kf1 Rxd8 24. Rh4 Rg6 25. f4 Rg2 26. Be1 Rc2 27.
Rh5 f6 28. Rc5 Bf3 29. Bf2 Rd5 30. Rxd5 Bxd5 31. Be1 Bxa2 32. Rd1 Bd5 33. Ra1
Ra2 34. Rxa2 Bxa2 35. Ke2 Kf7 36. Kd3 b5 37. Ke4 Ke6 38. f5+ Kd6 39. Bg3+ Kc6
40. Bb8 a5 41. Ba7 Bb1+ 42. Kf4 b4 43. cxb4 axb4 44. Bc5 b3 45. Ba3 Kd5 46. Bb2
h5 47. Ba1 h4 48. Kg4 Bxf5+ 49. Kxh4 Ke4 50. Kg3 Kd3 51. Kf4 Bd7 52. d5 Kc2 0-1

[Event "Reykjavik Open 2018"]
[Site "Reykjavik ISL"]
[Date "2018.03.14"]
[Round "9.20"]
[White "Hjartarson, Johann"]
[Black "Der Manuelian, Haik"]
[Result "1-0"]
[WhiteTitle "GM"]
[WhiteElo "2513"]
[BlackElo "2279"]
[WhiteFideId "2300044"]
[BlackFideId "2084015"]
[EventDate "2018.03.06"]

1. c4 e6 2. Nc3 d5 3. d4 Be7 4. cxd5 exd5 5. Bf4 c6 6. e3 Bf5 7. Nge2 Nd7 8. f3
Ngf6 9. g4 Bg6 10. h4 h5 11. g5 Nh7 12. Bg3 Bf5 13. Nf4 Nhf8 14. e4 dxe4 15.
fxe4 Bg4 16. Be2 Bxe2 17. Qxe2 Ne6 18. Nxe6 fxe6 19. Qc4 Nf8 20. Be5 Rg8 21.
O-O-O Bd6 22. Qe2 Bxe5 23. dxe5 Qa5 24. Qxh5+ g6 25. Qf3 Nh7 26. Rd7 1-0

[Event "Reykjavik Open 2018"]
[Site "Reykjavik ISL"]
[Date "2018.03.14"]
[Round "9.22"]
[White "Nebolsina, Vera"]
[Black "Kveinys, Aloyzas"]
[Result "1/2-1/2"]
[WhiteTitle "WGM"]
[BlackTitle "GM"]
[WhiteElo "2211"]
[BlackElo "2511"]
[WhiteFideId "4163591"]
[BlackFideId "12800040"]
[EventDate "2018.03.06"]
[EventType "swiss"]

1. e4 c5 2. Nf3 Nc6 3. Bb5 Na5 4. O-O e6 5. d4 a6 6. Bd3 cxd4 7. Nxd4 Qc7 8. Nc3
Nf6 9. Kh1 Bc5 10. Be3 d6 11. f4 Bd7 12. Bg1 Nc6 13. Nxc6 Bxg1 14. Rxg1 Bxc6 15.
Qe2 b5 16. a4 b4 17. Nb1 a5 18. Nd2 O-O 19. Rgf1 Nd7 20. b3 e5 21. f5 Nf6 22.
Rfe1 Rfe8 23. Rac1 d5 24. c3 dxe4 25. Nxe4 Bxe4 26. Bxe4 Nxe4 27. Qxe4 bxc3 28.
f6 gxf6 29. Re3 Rad8 30. Qg4+ Kh8 31. Rexc3 Qd7 32. Qf3 f5 33. Rc7 Qe6 34. R7c6
Rc8 35. h3 Qd7 36. R1c4 Rxc6 37. Rxc6 Rd8 38. Rc5 Qd1+ 39. Qxd1 Rxd1+ 40. Kh2 f6
41. Rxa5 Kg7 42. Ra7+ Kg6 43. b4 Rb1 44. Rb7 f4 45. a5 Ra1 46. Ra7 Rb1 47. Rb7
Ra1 48. Ra7 1/2-1/2

[Event "Reykjavik Open 2018"]
[Site "Reykjavik ISL"]
[Date "2018.03.14"]
[Round "9.23"]
[White "Loew, Gerald"]
[Black "Bartholomew, John"]
[Result "0-1"]
[WhiteTitle "FM"]
[BlackTitle "IM"]
[WhiteElo "2204"]
[BlackElo "2477"]
[WhiteFideId "4615875"]
[BlackFideId "2019353"]
[EventDate "2018.03.06"]
[EventType "swiss"]

1. c4 e5 2. Nc3 d6 3. e3 f5 4. Nge2 Nf6 5. d4 Be7 6. g3 O-O 7. Bg2 c6 8. O-O Na6
9. b3 e4 10. d5 Nc5 11. f3 cxd5 12. cxd5 Bd7 13. b4 exf3 14. Bxf3 Nce4 15. Bb2
Qb6 16. Qd4 Qxd4 17. Nxd4 Nd2 18. Rf2 Nc4 19. Bc1 Ng4 20. Bxg4 fxg4 21. Rb1 Bf6
22. Nce2 Rfe8 23. Rb3 Nb6 24. Nf4 Bxd4 25. exd4 Re1+ 26. Rf1 Rae8 27. b5 g5 28.
Ng2 Rxf1+ 29. Kxf1 h6 30. Ne3 Kh7 31. Kf2 Kg6 32. Rb4 Bf5 33. a4 Be4 34. Nxg4
Rc8 35. Bd2 Rc2 36. Ke1 Nxd5 37. Rb3 Ra2 38. a5 Bc2 39. Rf3 Ra1+ 40. Kf2 Bd1 41.
Rf8 Bxg4 42. Rb8 Rh1 43. Be1 Rxh2+ 44. Kg1 Re2 0-1

[Event "Reykjavik Open 2018"]
[Site "Reykjavik ISL"]
[Date "2018.03.14"]
[Round "9.25"]
[White "Laustsen, Lars"]
[Black "Thorhallsson, Throstur"]
[Result "1/2-1/2"]
[BlackTitle "GM"]
[WhiteElo "2201"]
[BlackElo "2419"]
[WhiteFideId "1407554"]
[BlackFideId "2300109"]
[EventDate "2018.03.06"]
[EventType "swiss"]

1. d4 d5 2. c4 e6 3. Nf3 Nf6 4. g3 Be7 5. Bg2 O-O 6. O-O Nbd7 7. Qc2 c6 8. Nbd2
b6 9. e4 Bb7 10. e5 Ne8 11. cxd5 cxd5 12. Re1 a5 13. Nf1 Ba6 14. h4 Rc8 15. Qb1
Qc7 16. Bg5 Bxg5 17. Nxg5 Qc2 18. Rc1 Qxb1 19. Raxb1 Nc7 20. a4 Bd3 21. Ra1 Na6
22. Bh3 Rxc1 23. Rxc1 Re8 24. Rc6 Nb4 25. Rc7 Re7 26. Ne3 Kf8 27. Bf1 Bxf1 28.
Rc8+ Re8 29. Nxh7+ Ke7 30. Rxe8+ Kxe8 31. Kxf1 Nb8 32. Ng5 N8c6 33. Nf3 Nd3 34.
Nd1 Nc1 35. Nc3 Nd3 36. Nd1 Nc1 37. Nc3 Nd3 1/2-1/2

[Event "Reykjavik Open 2018"]
[Site "Reykjavik ISL"]
[Date "2018.03.14"]
[Round "9.26"]
[White "Norowitz, Yaacov"]
[Black "Ptacnikova, Lenka"]
[Result "1/2-1/2"]
[WhiteTitle "IM"]
[BlackTitle "WGM"]
[WhiteElo "2412"]
[BlackElo "2200"]
[WhiteFideId "2024799"]
[BlackFideId "305650"]
[EventDate "2018.03.06"]
[EventType "swiss"]

1. d4 Nf6 2. Nf3 e6 3. Bg5 c5 4. c3 b6 5. e4 h6 6. Bxf6 Qxf6 7. e5 Qd8 8. d5 Bb7
9. dxe6 dxe6 10. Qxd8+ Kxd8 11. Nbd2 Kc7 12. Bd3 Be7 13. O-O-O Nc6 14. a4 Rhd8
15. Nc4 Rd7 16. Be4 Rad8 17. Rxd7+ Rxd7 18. h4 a6 19. Na3 h5 20. Re1 g6 21. g3
Bf8 22. Re2 Na5 23. Bxb7 Kxb7 24. Nd2 Kc6 25. Nac4 Nb7 26. Ne3 b5 27. b3 Na5 28.
Kc2 Be7 29. Re1 Kc7 30. f4 Rd8 31. axb5 axb5 32. Ne4 Nc6 33. Ra1 Kb7 34. Rd1
Rxd1 35. Nxd1 Kc7 36. Ndf2 Nd8 37. Nd3 Nb7 38. c4 b4 39. Kd1 Kc6 40. Ke2 Na5 41.
Nc1 Kd7 42. Kd2 Nb7 43. Ke2 Na5 44. Kf2 Nb7 45. Nd3 Kc6 46. Kg2 Na5 47. Nc1 Kc7
48. Kh3 Kd7 49. g4 hxg4+ 50. Kxg4 Ke8 51. h5 gxh5+ 52. Kxh5 Kf8 53. Kg4 Kg7 54.
f5 exf5+ 55. Kxf5 Nc6 56. Nd6 Nd4+ 57. Kf4 Kg6 58. Ne4 Bf8 59. Kg4 Bh6 60. Nd3
Nxb3 61. Nexc5 Na5 62. Nxb4 Nxc4 63. Nbd3 Ne3+ 64. Kf3 Kf5 65. Ne4 Nc4 66. Nd6+ 1/2-1/2

[Event "Reykjavik Open 2018"]
[Site "Reykjavik ISL"]
[Date "2018.03.14"]
[Round "9.27"]
[White "Arnarsson, Hrannar"]
[Black "Kvetny, Mark"]
[Result "0-1"]
[BlackTitle "IM"]
[WhiteElo "2029"]
[BlackElo "2408"]
[WhiteFideId "2301121"]
[BlackFideId "24603929"]
[EventDate "2018.03.06"]
[EventType "swiss"]

1. e4 c5 2. Nf3 d6 3. d4 cxd4 4. Nxd4 Nf6 5. Nc3 a6 6. g3 e5 7. Nde2 Nbd7 8. Bg2
b5 9. O-O Be7 10. a4 b4 11. Nd5 a5 12. c3 Nxd5 13. exd5 bxc3 14. Nxc3 O-O 15.
Re1 f5 16. f4 Bf6 17. Nb5 Ba6 18. Bf1 Nc5 19. Be3 exf4 20. Bxf4 Bxb5 21. Bxb5
Bxb2 22. Ra2 Bc3 23. Bd2 Be5 24. Be3 Ne4 25. Bd4 Qf6 26. Bxe5 Qxe5 27. Rc2 Ra7
28. Qa1 Qxa1 29. Rxa1 Nc5 30. Rxc5 dxc5 31. Rc1 Rd8 32. Rxc5 Kf7 33. Kf2 Re7 34.
Bd3 Kf6 35. Rxa5 Red7 36. Bc4 Rc7 37. Ra6+ Ke5 38. Rc6 Rdc8 39. Re6+ Kd4 40. Bb3
Rb7 41. Re3 Rc3 42. Rxc3 Kxc3 43. Bd1 Kd4 44. Bf3 Rb2+ 45. Kg1 Ke5 46. h3 g5 47.
Kf1 Ra2 48. Bd1 h6 49. Bb3 Ra3 50. Bc2 Rxg3 51. d6 Kxd6 52. Kf2 f4 53. Bf5 Ra3 0-1

[Event "Reykjavik Open 2018"]
[Site "Reykjavik ISL"]
[Date "2018.03.14"]
[Round "9.32"]
[White "Lunn, Matthew"]
[Black "Kjartansson, Gudmundur"]
[Result "0-1"]
[BlackTitle "IM"]
[WhiteElo "2069"]
[BlackElo "2432"]
[WhiteFideId "405485"]
[BlackFideId "2301318"]
[EventDate "2018.03.06"]
[EventType "swiss"]

1. d4 e6 2. c4 b6 3. Nc3 Bb7 4. e4 Bb4 5. Bd3 f5 6. Qh5+ g6 7. Qe2 fxe4 8. Bxe4
Bxe4 9. Qxe4 Nc6 10. Nf3 Nf6 11. Qh4 Nh5 12. Qe4 Qf6 13. Bg5 Qf5 14. Qxf5 gxf5
15. O-O-O Bxc3 16. bxc3 Na5 17. d5 h6 18. Bh4 Nxc4 19. dxe6 dxe6 20. Rhe1 Ng7
21. Nd4 e5 22. Bf6 Kf7 23. Bxe5 Nxe5 24. Rxe5 Rhe8 25. Rde1 Rxe5 26. Rxe5 c5 27.
Nf3 Rd8 28. Kc2 Kf6 29. Re3 Ne6 30. g3 b5 31. Rd3 a5 32. Rxd8 Nxd8 33. c4 b4 34.
a4 Nc6 35. Ne1 Ne5 36. Kb3 Ke6 37. f4 Ng4 38. Nf3 Ne3 39. Nd2 Kf6 40. h3 Nd1 41.
Nf3 Nf2 42. Ne5 Ke6 43. Nc6 Ne4 44. Nxa5 Nxg3 45. Nb7 Ne4 46. Nd8+ Kd7 47. Nf7
Nd2+ 48. Kc2 Nxc4 49. Nxh6 Ke6 50. h4 Na5 51. h5 c4 52. Ng8 Nc6 53. h6 Kf7 54.
h7 Kg7 55. Nf6 Nd4+ 56. Kb1 c3 57. Nd5 c2+ 58. Kb2 b3 59. Nc3 Nc6 60. Ne2 Kxh7 0-1

[Event "Reykjavik Open 2018"]
[Site "Reykjavik ISL"]
[Date "2018.03.14"]
[Round "9.33"]
[White "Pigott, John C"]
[Black "Karlsson, Mikael Johann"]
[Result "1-0"]
[WhiteTitle "IM"]
[WhiteElo "2403"]
[BlackElo "2150"]
[WhiteFideId "400459"]
[BlackFideId "2305194"]
[EventDate "2018.03.06"]
[EventType "swiss"]

1. e4 c5 2. Nf3 e6 3. d4 cxd4 4. Nxd4 Nf6 5. Nc3 Bb4 6. e5 Nd5 7. Qg4 O-O 8. Bh6
g6 9. a3 Bxc3+ 10. bxc3 f5 11. Qh3 Rf7 12. Nb5 Nc6 13. c4 Nb6 14. f4 d5 15. exd6
a6 16. Nc7 Qxd6 17. Nxa8 Rd7 18. Qe3 Nd4 19. Bd3 Nxc4 20. Qf2 Ne5 21. fxe5 Qxe5+
22. Kf1 Nxc2 23. Rd1 Rxd3 24. Rxd3 Qa1+ 25. Ke2 Qe5+ 26. Be3 1-0

[Event "Reykjavik Open 2018"]
[Site "Reykjavik ISL"]
[Date "2018.03.14"]
[Round "9.36"]
[White "Thorsteinsson, Thorsteinn"]
[Black "Bucher, Grant W"]
[Result "1-0"]
[WhiteTitle "FM"]
[WhiteElo "2317"]
[BlackElo "2121"]
[WhiteFideId "2300281"]
[BlackFideId "413810"]
[EventDate "2018.03.06"]
[EventType "swiss"]

1. c4 Nf6 2. g3 c6 3. Nf3 g6 4. b3 Bg7 5. Bb2 O-O 6. Bg2 d5 7. O-O Qb6 8. Qc2
Re8 9. d3 Nbd7 10. Ne5 d4 11. Nf3 e5 12. Nbd2 h6 13. Rae1 c5 14. e3 Nf8 15. Re2
Bf5 16. exd4 exd4 17. Rfe1 Rxe2 18. Rxe2 a5 19. a4 Re8 20. Rxe8 Nxe8 21. Nb1 g5
22. Nfd2 Qg6 23. Be4 Bxe4 24. Nxe4 Ne6 25. Qe2 f5 26. Ned2 Nd6 27. Na3 g4 28.
Nb5 Nxb5 29. cxb5 Qf7 30. h4 Nf8 31. Nc4 b6 32. Bc1 Ng6 33. h5 Ne7 34. Nxb6 Qxb3
35. Qxe7 Qd1+ 36. Kh2 Qxc1 37. Qe6+ Kh8 38. Qc8+ Kh7 39. Qxf5+ Kh8 40. Nc4 1-0

[Event "Reykjavik Open 2018"]
[Site "Reykjavik ISL"]
[Date "2018.03.14"]
[Round "9.37"]
[White "Bewersdorff, Oliver"]
[Black "Jonsson, Gauti Pall"]
[Result "1-0"]
[WhiteTitle "FM"]
[WhiteElo "2312"]
[BlackElo "2104"]
[WhiteFideId "4602897"]
[BlackFideId "2309092"]
[EventDate "2018.03.06"]
[EventType "swiss"]

1. Nf3 c5 2. c4 Nc6 3. d4 cxd4 4. Nxd4 Nf6 5. Nc3 e6 6. e4 Bb4 7. Qd3 O-O 8. Be2
d5 9. exd5 exd5 10. Nxc6 bxc6 11. O-O Ba6 12. Qf3 Bxc3 13. Qxc3 Re8 14. Bd3 Ne4
15. Qc2 Qf6 16. Be3 Bxc4 17. Bxc4 dxc4 18. Qxc4 Qxb2 19. Qxc6 a5 20. Rfc1 h6 21.
g3 Rad8 22. a4 Nf6 23. Rab1 Qe2 24. Re1 Qh5 25. Bb6 Rc8 26. Rxe8+ Rxe8 27. Bd4
Qf5 28. Qb5 Qxb5 29. Rxb5 Ne4 30. Rxa5 Rd8 31. Be3 Nc3 32. Ra7 Nd5 33. Bd2 Nb6
34. Be1 Rd7 35. Rxd7 Nxd7 36. Bc3 Kf8 37. a5 Nb8 38. Kf1 g6 39. Ke2 Ke7 40. Bd2
h5 41. Kd3 Kd7 42. Kd4 Kc6 43. h4 Nd7 44. Bc3 Nc5 45. f3 Nd7 46. Ke4 Kc5 47.
Bd4+ 1-0

[Event "Reykjavik Open 2018"]
[Site "Reykjavik ISL"]
[Date "2018.03.14"]
[Round "9.39"]
[White "Risting, Eivind Olav"]
[Black "Thorhallsson, Simon"]
[Result "1-0"]
[WhiteTitle "FM"]
[WhiteElo "2304"]
[BlackElo "2060"]
[WhiteFideId "1517333"]
[BlackFideId "2310090"]
[EventDate "2018.03.06"]
[EventType "swiss"]

1. Nf3 Nf6 2. g3 g6 3. b3 Bg7 4. Bb2 O-O 5. Bg2 c5 6. c4 Nc6 7. O-O d5 8. cxd5
Qxd5 9. Ne5 Qd6 10. Nxc6 bxc6 11. Na3 Be6 12. Rc1 Bd5 13. Qc2 Bxg2 14. Kxg2 Rad8
15. Rfd1 Qe6 16. Qc4 Rd5 17. Nc2 Rb8 18. Bc3 Ne4 19. Bxg7 Kxg7 20. d3 Nd6 21.
Qc3+ f6 22. Ne3 Rh5 23. Rh1 Rb4 24. Qd2 Rd4 25. Qb2 Rb4 26. Qa3 Nb5 27. Qa5 Nd4
28. h4 Rb5 29. Qxa7 Nxe2 30. Rce1 Nd4 31. Nf5+ Qxf5 32. Qxe7+ 1-0

[Event "Reykjavik Open 2018"]
[Site "Reykjavik ISL"]
[Date "2018.03.14"]
[Round "9.40"]
[White "Kumar, Naman"]
[Black "Stefansson, Vignir Vatnar"]
[Result "1/2-1/2"]
[BlackTitle "FM"]
[WhiteElo "2045"]
[BlackElo "2300"]
[WhiteFideId "30908922"]
[BlackFideId "2308649"]
[EventDate "2018.03.06"]
[EventType "swiss"]

1. e4 d5 2. exd5 Qxd5 3. Nc3 Qd6 4. d4 Nf6 5. Nf3 c6 6. h3 Bf5 7. Bd3 Bxd3 8.
Qxd3 Nbd7 9. Be3 e6 10. O-O-O a5 11. Nd2 a4 12. Nde4 Qc7 13. Nxf6+ Nxf6 14. Bg5
Nd5 15. Nxd5 cxd5 16. Qb5+ Qc6 17. Qxc6+ bxc6 18. Rd3 Bd6 19. c3 Kd7 20. Bh4 f6
21. Bg3 e5 22. dxe5 fxe5 23. Re3 Rae8 24. Rhe1 Rhf8 25. f3 Rf5 26. Bh2 Re7 27.
Kc2 h5 28. g4 hxg4 29. hxg4 Rf8 30. Bxe5 Bxe5 31. Rxe5 Rxe5 32. Rxe5 Rxf3 33.
Rg5 Rf2+ 34. Kc1 Rf7 35. b3 a3 36. Rg6 Kc7 37. b4 Rf2 38. Rxg7+ Kb6 39. Kb1 Rb2+
40. Ka1 Rc2 41. Kb1 Rxc3 42. g5 Rc4 43. g6 Rxb4+ 44. Kc1 Rg4 45. Rg8 Rg2 46. g7
Kb7 47. Kd1 c5 48. Ke1 c4 49. Kd1 d4 50. Rd8 Rxg7 51. Rxd4 Rc7 52. Kc2 Kb6 53.
Kc3 Kb5 54. Rd5+ Rc5 55. Rd8 1/2-1/2

[Event "Reykjavik Open 2018"]
[Site "Reykjavik ISL"]
[Date "2018.03.14"]
[Round "9.42"]
[White "Doluhanova, Evgeniya"]
[Black "Yu, Henry"]
[Result "1-0"]
[WhiteTitle "WGM"]
[WhiteElo "2275"]
[BlackElo "2051"]
[WhiteFideId "14112035"]
[BlackFideId "30942683"]
[EventDate "2018.03.06"]
[EventType "swiss"]

1. e4 e6 2. d4 d5 3. Bd3 dxe4 4. Bxe4 Nf6 5. Bf3 c5 6. Ne2 Nc6 7. Be3 cxd4 8.
Nxd4 Ne5 9. Nc3 Be7 10. Qe2 Nxf3+ 11. Qxf3 a6 12. O-O-O Qc7 13. g4 O-O 14. g5
Nd7 15. Bf4 Qa5 16. h4 Ne5 17. Qe4 Nc6 18. Rhe1 Nxd4 19. Rxd4 Rd8 20. Rxd8+ Qxd8
21. Rd1 Qe8 22. Bd6 Bd8 23. Be5 Be7 24. Qd4 Qf8 25. Na4 b5 26. Nb6 Bc5 27. Qxc5 1-0

[Event "Reykjavik Open 2018"]
[Site "Reykjavik ISL"]
[Date "2018.03.14"]
[Round "9.43"]
[White "Mai, Aron Thor"]
[Black "Pantzar, Milton"]
[Result "0-1"]
[BlackTitle "FM"]
[WhiteElo "1975"]
[BlackElo "2263"]
[WhiteFideId "2313383"]
[BlackFideId "1721003"]
[EventDate "2018.03.06"]
[EventType "swiss"]

1. e4 e5 2. Nf3 Nc6 3. Nc3 Nf6 4. a3 Be7 5. d4 exd4 6. Nxd4 d6 7. Be2 O-O 8. O-O
Re8 9. f4 Bf8 10. Bf3 Rb8 11. b4 Nd7 12. Nd5 Nxd4 13. Qxd4 c6 14. Ne3 Qb6 15.
Bb2 d5 16. e5 f6 17. exf6 Rxe3 18. fxg7 Be7 19. Bxd5+ cxd5 20. Qxd5+ Qe6 21.
Qxe6+ Rxe6 22. f5 Rf6 23. g4 Rf7 24. Rae1 b6 25. h4 Ba6 26. g5 Bxf1 27. Rxf1
Rxg7 28. Bxg7 Kxg7 29. Rd1 Rd8 30. Rd5 Kf7 31. c4 Nf8 32. Rb5 Rd4 33. c5 Bd8 34.
g6+ hxg6 35. fxg6+ Nxg6 36. cxb6 Bxb6 37. Kf1 Rxh4 38. a4 Ne7 39. a5 Bd4 40. Rb7
Ke6 41. b5 Kd6 42. b6 axb6 43. axb6 Nd5 44. Ke2 Bxb6 45. Kd3 Ke5 46. Ke2 Ke4 47.
Rb8 Rh2+ 48. Kf1 Ne3+ 49. Kg1 Rg2+ 50. Kh1 Rg6 51. Rh8 Nd1 52. Kh2 Be3 53. Re8+
Kf3 54. Rh8 Bf4+ 55. Kh3 Rg1 0-1

[Event "Reykjavik Open 2018"]
[Site "Reykjavik ISL"]
[Date "2018.03.14"]
[Round "9.44"]
[White "Ragnarsson, Dagur"]
[Black "Sikkel, Dirk"]
[Result "1-0"]
[WhiteTitle "FM"]
[WhiteElo "2236"]
[BlackElo "1937"]
[WhiteFideId "2304058"]
[BlackFideId "1050079"]
[EventDate "2018.03.06"]
[EventType "swiss"]

1. d4 g6 2. Nf3 Bg7 3. g3 d6 4. Bg2 Nd7 5. O-O e5 6. e4 exd4 7. Nxd4 Ne7 8. c4
O-O 9. Nc3 Nc6 10. Nde2 Nc5 11. Be3 Be6 12. b3 Qd7 13. Re1 Bh3 14. Bh1 Ne5 15.
Nd4 Ng4 16. Qd2 Nxe3 17. Rxe3 Rfe8 18. Rd1 Rad8 19. b4 Ne6 20. Nde2 Qc6 21. Qd3
Qa6 22. Nc1 c6 23. N3e2 Rd7 24. c5 Qxd3 25. Rexd3 Red8 26. cxd6 c5 27. Nf4 c4
28. R3d2 Nxf4 29. gxf4 Bh6 30. Ne2 Bg4 31. f3 Be6 32. e5 Rc8 33. Rc2 b5 34. Kf2
a5 35. a3 axb4 36. axb4 Ra8 37. Kg3 Bf5 38. Rb2 Bd3 39. Nc3 Bg7 40. Bg2 f6 41.
Re1 g5 42. Bh3 gxf4+ 43. Kf2 f5 44. Nxb5 c3 45. Nxc3 Rxd6 46. exd6 Bxc3 47. Rd1
Bxb2 48. Rxd3 Bf6 49. Bxf5 Ra2+ 50. Kg1 Rb2 51. d7 Bd8 52. Rd4 Kg7 53. Rxf4 Bb6+
54. Kf1 Rxh2 55. Rd4 Rf2+ 56. Kxf2 Bxd4+ 57. Ke2 Bb6 58. Kd3 h5 59. Kc4 Kf6 60.
Bh3 Ke7 61. Kb5 Bd8 62. Kc6 1-0

[Event "Reykjavik Open 2018"]
[Site "Reykjavik ISL"]
[Date "2018.03.14"]
[Round "9.45"]
[White "Giacomini, Hector"]
[Black "Carlsen, Henrik"]
[Result "1/2-1/2"]
[WhiteElo "2193"]
[BlackElo "2031"]
[WhiteFideId "605352"]
[BlackFideId "1502832"]
[EventDate "2018.03.06"]
[EventType "swiss"]

1. Nf3 d5 2. e3 Nf6 3. c4 e6 4. Nc3 c5 5. d4 Nc6 6. a3 cxd4 7. exd4 h6 8. c5 b6
9. Bb5 Bd7 10. b4 bxc5 11. bxc5 Ne4 12. Bd2 Nxd2 13. Qxd2 Be7 14. O-O O-O 15.
Rfe1 Bf6 16. Rab1 a6 17. Ba4 Na5 18. Bc2 Nc4 19. Qd3 g6 20. Rb3 Qc7 21. Nd2 Nxd2
22. Qxd2 Bg7 23. Reb1 Rfb8 24. Rb6 Rxb6 25. Rxb6 Rb8 26. Ba4 Bc8 27. Rb4 Rxb4
28. axb4 e5 29. Nxd5 Qd8 30. dxe5 Bxe5 31. Bb3 Be6 32. g3 Kh7 33. Qd1 Qb8 34.
Nb6 Qe8 35. Bxe6 Qxe6 36. Qd5 Qe7 37. Nc8 Qe6 38. Qxe6 fxe6 39. Na7 Kg7 40. b5
axb5 41. Nxb5 Kf7 42. f4 Bb2 43. Kf2 e5 44. Kf3 Ke6 45. Ke4 exf4 46. gxf4 Bc1
47. Nd4+ Kd7 48. Ne2 Bd2 49. Kd5 Be3 50. c6+ Ke7 51. c7 Kd7 52. Ke5 Kxc7 53. Kf6
g5 54. f5 h5 55. Kg6 h4 56. f6 g4 57. f7 Bc5 58. Kh5 g3 59. h3 g2 60. Kxh4 Kd7
61. Kg5 Ke7 62. Kg6 Kf8 63. h4 g1=Q+ 64. Nxg1 Bxg1 1/2-1/2

[Event "Reykjavik Open 2018"]
[Site "Reykjavik ISL"]
[Date "2018.03.14"]
[Round "9.51"]
[White "Swati, Mohota"]
[Black "Midoux, Sebastien"]
[Result "0-1"]
[WhiteTitle "WFM"]
[WhiteElo "1991"]
[BlackElo "2319"]
[WhiteFideId "5006511"]
[BlackFideId "611140"]
[EventDate "2018.03.06"]
[EventType "swiss"]

1. d4 Nf6 2. c4 g6 3. f3 d5 4. cxd5 Nxd5 5. e4 Nb6 6. Nc3 Bg7 7. Be3 O-O 8. Qd2
e5 9. d5 c6 10. O-O-O cxd5 11. exd5 N8d7 12. h4 e4 13. Bh6 e3 14. Bxe3 Ne5 15.
Bd4 h5 16. b3 Re8 17. Bb5 Bd7 18. Bxd7 Qxd7 19. Nge2 Rad8 20. Kb1 Qf5+ 21. Qc2
Qxc2+ 22. Kxc2 Nxd5 23. Nxd5 Rxd5 24. Nf4 Rd6 25. Bb2 Rc8+ 26. Kb1 Rcd8 27. Kc2
Nc6 28. Rxd6 Rxd6 29. Bxg7 Kxg7 30. a3 Nd4+ 31. Kc3 Kf6 32. a4 Kf5 33. Nd3 Ne2+
34. Kc2 Nd4+ 35. Kc3 Ne2+ 36. Kc2 Rc6+ 37. Kb2 Nd4 38. Rc1 Rxc1 39. Nxc1 Kf4 40.
Nd3+ Kg3 41. Ne5 Kxg2 42. Nxf7 Nxf3 43. Nd6 Nxh4 44. Nxb7 Nf5 45. Nc5 h4 46. Ne6
h3 47. Nf4+ Kg3 48. Nxh3 Kxh3 49. b4 g5 50. b5 Nd6 0-1

[Event "Reykjavik Open 2018"]
[Site "Reykjavik ISL"]
[Date "2018.03.14"]
[Round "9.53"]
[White "Zhou, Aiden"]
[Black "Soham, Das"]
[Result "0-1"]
[WhiteElo "1977"]
[BlackElo "2275"]
[WhiteFideId "2618826"]
[BlackFideId "35026763"]
[EventDate "2018.03.06"]
[EventType "swiss"]

1. d4 f5 2. Nf3 Nf6 3. g3 g6 4. Bg2 Bg7 5. O-O O-O 6. b3 d6 7. Bb2 c6 8. Nbd2 a5
9. c4 Na6 10. Qc2 Qc7 11. a3 Re8 12. e3 Bd7 13. Rac1 Rac8 14. Rfe1 b5 15. cxb5
cxb5 16. Qxc7 Nxc7 17. Rc2 Ncd5 18. Rec1 Rb8 19. Ne1 Bh6 20. Nd3 Be6 21. Nf4
Bxf4 22. gxf4 Kf7 23. Kf1 h6 24. Ke2 g5 25. fxg5 hxg5 26. Rg1 Rbc8 27. Rxc8 Rxc8
28. Rc1 Rh8 29. h3 Nb6 30. Kf1 a4 31. b4 Nc4 32. Nxc4 Bxc4+ 33. Kg1 e6 34. Rc2
Ke7 35. Rd2 Rc8 36. Rc2 Kd7 37. Rc1 d5 38. f4 gxf4 39. exf4 Nh5 40. Rc2 Nxf4 41.
Kf2 Rg8 42. Kf3 Nd3 43. Bc3 f4 44. Bf1 Rg3+ 45. Ke2 Nxb4+ 46. Kd2 Nxc2 47. Bxc4
Rg2+ 48. Be2 f3 49. Kxc2 Rxe2+ 50. Kd3 Re4 0-1

[Event "Reykjavik Open 2018"]
[Site "Reykjavik ISL"]
[Date "2018.03.14"]
[Round "9.54"]
[White "Heimisson, Hilmir Freyr"]
[Black "Gudmundsson, Bjorgvin S"]
[Result "1-0"]
[WhiteTitle "CM"]
[WhiteElo "2224"]
[BlackElo "1949"]
[WhiteFideId "2309998"]
[BlackFideId "2310520"]
[EventDate "2018.03.06"]
[EventType "swiss"]

1. e4 c6 2. d4 d5 3. f3 g6 4. Nc3 Bg7 5. Be3 dxe4 6. fxe4 Nf6 7. Nf3 O-O 8. Qd2
b5 9. e5 Ng4 10. O-O-O b4 11. Na4 Qa5 12. b3 Nxe3 13. Qxe3 Ba6 14. h4 Qd5 15. h5
Bxf1 16. Rdxf1 f6 17. hxg6 hxg6 18. Qd3 f5 19. Ng5 Qxg2 20. Rfg1 1-0

[Event "Reykjavik Open 2018"]
[Site "Reykjavik ISL"]
[Date "2018.03.14"]
[Round "9.55"]
[White "Edvardsson, Kristjan"]
[Black "Meyer, Juergen"]
[Result "1-0"]
[WhiteElo "2217"]
[BlackElo "1926"]
[WhiteFideId "2300893"]
[BlackFideId "24661759"]
[EventDate "2018.03.06"]
[EventType "swiss"]

1. d4 d5 2. c4 c6 3. Nf3 Nf6 4. e3 Bf5 5. Nc3 e6 6. Nh4 Bg6 7. Be2 Bd6 8. g3
Nbd7 9. Qb3 Rb8 10. O-O O-O 11. Nxg6 hxg6 12. Bd2 Re8 13. Rfd1 Qe7 14. Be1 Rec8
15. Rac1 dxc4 16. Bxc4 Nb6 17. Bd3 Nbd5 18. Ne2 e5 19. e4 Nb6 20. dxe5 Bxe5 21.
f4 Bc7 22. e5 Nfd5 23. Bf2 Qb4 24. Qc2 Qa5 25. a3 Re8 26. Bc5 Bd8 27. b4 Qa4 28.
Qb2 Nd7 29. Bf2 Bb6 30. Nd4 Nf8 31. Bc4 Rbd8 32. Qa2 Ne6 33. Bb3 Qa6 34. b5 Qa5
35. Nxe6 Rxe6 36. Bxd5 cxd5 1-0